Kraje Słowiańskie - Statystyki

Ogólne statystyki
  • Ten quiz został rozwiązany 526 razy
    482 od ostatniego zresetowania
  • Średni wynik to 12 z 13
Statystyki odpowiedzi
Położenie Odpowiedź % Poprawnych
zachodnich Polska
99%
wschodnich Rosja
99%
zachodnich Czechy
97%
zachodnich Słowacja
97%
wschodnich Ukraina
97%
wschodnich białoruś
95%
południowych Słowenia
89%
południowych Serbia
88%
południowych Chorwacja
86%
południowych Bośnia i Hercegowina
83%
południowych Bułgaria
79%
południowych Macedonia Północna
78%
południowych Czarnogóra
76%
Nie znaleziono quizów pasujących do podanych kryteriów
Rozkład punktacji
Procent ludzi z każdym wynikiem
Percentyl według liczby udzielonych odpowiedzi
Twoja historia wyników
Nie rozwiązałeś tego quizu od ostatniego zresetowania